Tepelský opat osvícenec, hrabě Heřman Trautmannsdorf (1767-1789)
| Titel: | Tepelský opat osvícenec, hrabě Heřman Trautmannsdorf (1767-1789) |
|---|---|
| Verfasser: | |
| In: |
Muzeum Cheb: Sborník Chébskeho Muzea, (2000), Seite 63-70 alle Artikel anzeigen |
| Veröffentlicht: | 2000 [vyd. 2001] |
| Format: | Aufsatz |
| Sprache: | Tschechisch |
X
alg: 39309458 001A $01999:11-11-16 001B $03025:27-03-26 $t12:16:33.000 001C $06050:19-11-16 $t22:36:47.000 001D $01999:11-11-16 001U $0utf8 001X $00 002@ $0Aox 003@ $0393094588 007A $0393094588 $aHEB 007T $0Herdp24964 010@ $acze 011@ $a2000 $n2000 [vyd. 2001] 021A $aTepelský opat osvícenec, hrabě Heřman Trautmannsdorf (1767-1789) 028A $aHlinomaz $dMilan 031A $h63-70 $j2000 037A $aRés. něm. s. 70: Der Tepler Abt und Aufklärer Graf Hermann Christoph Trautmannsdorf (1767-1789) 039B $aIn $8--Abvc--Muzeum Cheb [Tb1]. Sborník Chébskeho Muzea. - Cheb : Muzeum, 1993-2006. - ISSN 1211-9210 $x200000000000000937 $9070513341 044K $RStift Tepl $#Prämonstratenserkloster Tepl $#Prämonstratenserstift Tepl $#Premonstrátský Klášter Tepl $#Monasterium Teplense Ordinis Praemonstratensis $#Stift Tepl $#Teplá Monastery $#Premonstratensian Abbey Teplá $76024385-5 $8Klášter Premonstrátů$gTepl [Tb1] $910088508X 044K $#Trauttmansdorf, Heřman $#Trauttmansdorffu, Heřman z $#Trauttmansdorffu, Kryštof Heřman z $#Trauttmansdorff, Hermann von $#Trauttmannsdorff, Christoph Hermann Graf von $#Trauttmannsdorff, Hermann Graf von $71394235763 $8Trauttmansdorff, Christoph Hermann Graf von$Z1725-1789 [Tp3] $9543258939 045F $a200.9437109033 $eDDC23BSB 045F/01 $a200.9 045F/03 $f09033 045F/03 $g4371 045T $a9,10 $a7,41 lok: 39309458 78 exp: 39309458 78 1 #EPN 201B/01 $026-11-17 $t01:46:08.000 201U/01 $0utf8 203@/01 $0789204908 208@/01 $a11-11-16 $be 209A/01 $a/ $f000 $x00 220C/01 $aHerkunft: Hú Av Čr Praha 244Z/01 $#Tschechien $#Tschechische Republik $#Tschechien $#Tschechische Republik $#Tschechenland $#Tschechei Tschechien $#Česká Republika $#Czech Republic $#ČR $74303381-7 $8--Tg1--Tschechien $x01 $9086659812 244Z/01 $2Trx $#Böhmen $#Bohemia $#Czechy $8--Trx--Čechy $x02 $9391188941 244Z/01 $2Trx $#Tepl Karlsbad $#Tepl Stift $#Teplá klášter;Teplá $8--Trx--Teplá$gKarlovy Vary $x03 $9391352202 244Z/01 $aGeschichte 1725-1789 $x04 244Z/01 $2Trx $8--Trx--Trauttmansdorf, Heřman$Z1725-1789 $x05 $9390946338 244Z/01 $ahodnostáři církevní $x06 244Z/01 $2Trx $#abtid $#abatai $#abbots $#apátok $#opaci $#opáti $#opati $#abatyše $8--Trx--Äbte $x07 $9391354264 244Z/01 $2Trx $#ordud premonstraatlased $#ordinas norbertinų $#order Premonstratensians $#szerzetesrendek Premontrei szerzetesek $#zakony, norbertanie $#rád, premonštráti $#řád, premonstráti $#Prämonstratenser $#premonstratensi $#norbertanie $#premonštráti $#premonstráti $8--Trx--Orden$gPrämonstratenser $x08 $9391375741 244Z/01 $2Trx $8--Trx--Zeitschriftenaufsatz $x09 $9391384341 247C/01 $82080>Marburg/Lahn, Herder-Institut, Forschungsbibliothek, Bibliographieportal $9336309341
| LEADER | 00000caa a22000002c 4500 | ||
|---|---|---|---|
| 001 | 393094588 | ||
| 003 | DE-603 | ||
| 005 | 20260327121633.0 | ||
| 007 | tu | ||
| 008 | 161111s2000 xx |||| | u00||u|cze c | ||
| 035 | |a (DE-599)HEB393094588 | ||
| 040 | |a DE-603 |b ger |c DE-603 |d DE-603 | ||
| 041 | |a cze | ||
| 082 | 0 | 4 | |8 1\u |a 200.9437109033 |q DE-101 |2 23/BSB |
| 084 | |a 9,10 |a 7,41 |2 ssgn | ||
| 085 | |8 1\u |b 200.9 | ||
| 085 | |8 1\u |z 1 |s 09033 | ||
| 085 | |8 1\u |z 2 |s 4371 | ||
| 100 | 1 | |a Hlinomaz, Milan | |
| 245 | 0 | 0 | |a Tepelský opat osvícenec, hrabě Heřman Trautmannsdorf (1767-1789) |
| 264 | 0 | |c 2000 [vyd. 2001] | |
| 500 | |a Rés. něm. s. 70: Der Tepler Abt und Aufklärer Graf Hermann Christoph Trautmannsdorf (1767-1789) | ||
| 600 | 1 | 7 | |a Trauttmansdorff, Christoph Hermann Graf von |d 1725-1789 |0 (DE-588)1394235763 |0 (DE-603)543258939 |2 gnd |
| 610 | 1 | 7 | |a Klášter Premonstrátů |g Tepl |2 gnd |0 (DE-588)6024385-5 |0 (DE-603)10088508X |
| 773 | 0 | 8 | |i In |a Muzeum Cheb |t Sborník Chébskeho Muzea |d Cheb : Muzeum, 1993-2006 |x 1211-9210 |g (2000), Seite 63-70 |w (DE-603)070513341 |w (DE-600)1353473-7 |
| 924 | 0 | |9 2080 |a (DE-603)789204908 |b DE-2080 |c HES |d d |g / | |


